| Record ID | marc_records_scriblio_net/part07.dat:23323898:795 |
| Source | Scriblio |
| Download Link | /show-records/marc_records_scriblio_net/part07.dat:23323898:795?format=raw |
LEADER: 00795cam 2200253 4500
001 72087493 //r90
003 DLC
005 19900802094913.2
008 730117s1973 ncu b 00110 eng
010 $a 72087493 //r90
020 $a0807812102
040 $aDLC$cDLC$dDLC
043 $aa-ja---
050 00 $aLAW
082 00 $a346.52/065$220
100 10 $aHenderson, Dan Fenno,$d1921-
245 10 $aForeign enterprise in Japan: laws and policies.
260 0 $aChapel Hill,$bUniversity of North Carolina Press$c[1973]
300 $axvii, 574 p.$c24 cm.
350 $a$17.95
440 0 $aStudies in foreign investment and economic development
504 $aBibliography: p. 508-564.
650 0 $aBusiness enterprises, Foreign$zJapan.
650 0 $aInvestments, Foreign$xLaw and legislation$zJapan.